000 00755nam a2200217Ia 4500
003 GCL
005 20240530104746.0
008 140319s9999 xx 000 0 ara d
040 _aGCL /
_cGCL
082 0 4 _a811.009
_bا م
100 1 _aرمضان عبدالتواب
245 1 0 _aما يجوز للشاعر فى الضرورة /
_cرمضان عبدالتواب
300 _a366 ص
490 _aالهيئة العامة للاستعلامات
_v0
650 0 4 _aالشعر العربى
650 0 4 _aالادب العربى
650 0 4 _aالاوزان الشعرية
700 1 _aصلاح الدين الهادى
700 1 _aالقزاز : ابو عبدالله محمد بن جعفر التميمى القيروانى
942 _2ddc
_cBK
999 _c50418
_d50418